Harry Potter - Kapiteltitel - Statistiken

Allgemein
  • Dieses Quiz wurde 1.012 mal gespielt
    556 seit der letzten Aktualisierung
  • Das Durchschnittsergebnis liegt bei 101 aus 199
Antwortstatistiken
Band Kapiteltitel % Korrekt
Der Stein der Weisen Quidditch
79%
Der Stein der Weisen Ein Junge überlebt
77%
Die Kammer des Schreckens Der Fuchsbau
74%
Der Stein der Weisen In der Winkelgasse
74%
Der Stein der Weisen Der Verbotene Wald
73%
Die Kammer des Schreckens Die Kammer des Schreckens
72%
Der Stein der Weisen Der Hüter der Schlüssel
71%
Die Kammer des Schreckens Gilderoy Lockhart
71%
Der Stein der Weisen Halloween
70%
Der Stein der Weisen Briefe von niemandem
69%
Der Gefangene von Askaban Der Fahrende Ritter
69%
Der Feuerkelch Der Feuerkelch
69%
Der Stein der Weisen Ein Fenster verschwindet
69%
Der Gefangene von Askaban Der Dementor
68%
Der Orden des Phönix Der Orden des Phönix
68%
Der Stein der Weisen Der Spiegel Nerhegeb
68%
Die Kammer des Schreckens Die Peitschende Weide
68%
Der Stein der Weisen Durch die Falltür
68%
Der Stein der Weisen Norbert der Norwegische Stachelbuckel
68%
Der Halbblutprinz Der Halbblutprinz
67%
Der Stein der Weisen Der Mann mit den zwei Gesichtern
67%
Der Stein der Weisen Der Sprechende Hut
67%
Der Feuerkelch Die Quidditch-Weltmeisterschaft
66%
Der Orden des Phönix Dumbledores Armee
66%
Der Stein der Weisen Der Meister der Zaubertränke
65%
Der Halbblutprinz Horace Slughorn
65%
Der Stein der Weisen Nicolas Flamel
65%
Die Kammer des Schreckens Aragog
64%
Die Kammer des Schreckens Der Vielsaft-Trank
64%
Der Feuerkelch Die erste Aufgabe
63%
Der Feuerkelch Die dritte Aufgabe
62%
Der Feuerkelch Die zweite Aufgabe
62%
Der Stein der Weisen Duell um Mitternacht
62%
Der Gefangene von Askaban Eulenpost
62%
Der Gefangene von Askaban Die Karte des Rumtreibers
61%
Die Heiligtümer des Todes Gringotts
61%
Der Feuerkelch Mad-Eye Moody
61%
Der Gefangene von Askaban Der Feuerblitz
60%
Der Feuerkelch Der Weihnachtsball
60%
Der Orden des Phönix Die Anhörung
60%
Die Heiligtümer des Todes Die Hochzeit
60%
Die Heiligtümer des Todes Die Heiligtümer des Todes
59%
Der Feuerkelch Das Denkarium
58%
Der Feuerkelch Das Dunkle Mal
58%
Die Kammer des Schreckens Der Duellierclub
58%
Die Kammer des Schreckens Der Erbe Slytherins
58%
Der Gefangene von Askaban Der Patronus
58%
Die Kammer des Schreckens Die Todestagsfeier
58%
Die Kammer des Schreckens Ein grässlicher Geburtstag
58%
Die Heiligtümer des Todes Godric´s Hollow
58%
Der Halbblutprinz Horkruxe
58%
Der Feuerkelch Weasleys Zauberhafte Zauberscherze
58%
Der Stein der Weisen Abreise von Gleis Neundreiviertel
57%
Der Feuerkelch Das Trimagische Turnier
57%
Der Orden des Phönix Die Mysteriumsabteilung
57%
Der Gefangene von Askaban Tante Magdas großer Fehler
57%
Der Orden des Phönix ZAGs
57%
Der Halbblutprinz Der andere Minister
56%
Der Feuerkelch Die Todesser
56%
Die Kammer des Schreckens Dobbys Warnung
56%
Der Orden des Phönix Dudley umnachtet
56%
Die Heiligtümer des Todes Der Dieb
55%
Die Heiligtümer des Todes Die sieben Potters
55%
Der Halbblutprinz Spinner´s End
55%
Die Kammer des Schreckens Cornelius Fudge
54%
Der Orden des Phönix Das Zaubereiministerium
54%
Die Heiligtümer des Todes Die Schlacht von Hogwarts
54%
Der Gefangene von Askaban Gryffindor gegen Ravenclaw
54%
Der Gefangene von Askaban Im Tropfenden Kessel
54%
Die Heiligtümer des Todes King´s Cross
54%
Der Orden des Phönix Luna Lovegood
54%
Die Heiligtümer des Todes Xenophilius Lovegood
54%
Der Gefangene von Askaban Das Finale
53%
Der Feuerkelch Der Portschlüssel
53%
Die Kammer des Schreckens Die Schrift an der Wand
53%
Der Feuerkelch Bagman und Crouch
52%
Der Feuerkelch Das Haus der Riddles
52%
Der Gefangene von Askaban Noch einmal Eulenpost
52%
Der Gefangene von Askaban Vier Freunde
52%
Die Kammer des Schreckens Bei Flourish and Blotts
51%
Der Feuerkelch Der Ungarische Hornschwanz
51%
Der Orden des Phönix Grawp
51%
Der Gefangene von Askaban Hermines Geheimnis
51%
Die Heiligtümer des Todes Shell Cottage
51%
Die Heiligtümer des Todes Der Elderstab
50%
Der Halbblutprinz Der vom Blitz getroffene Turm
50%
Der Halbblutprinz Die Höhle
50%
Der Feuerkelch Die Narbe
50%
Die Kammer des Schreckens Dobbys Belohnung
50%
Der Halbblutprinz Felix Felicis
50%
Der Gefangene von Askaban Kater, Ratte, Hund
50%
Die Heiligtümer des Todes Neunzehn Jahre später
50%
Der Orden des Phönix Professor Umbridge
50%
Der Gefangene von Askaban Teeblätter und Krallen
50%
Der Orden des Phönix Weihnachten auf der geschlossenen Station
50%
Die Heiligtümer des Todes Wieder der Wald
50%
Der Halbblutprinz Das Haus der Gaunts
49%
Die Heiligtümer des Todes Die silberne Hirschkuh
49%
Die Kammer des Schreckens Die unheimliche Stimme
49%
Der Feuerkelch Die vier Champions
49%
Der Orden des Phönix Eulen über Eulen
49%
Der Feuerkelch Im Hogwarts-Express
49%
Der Orden des Phönix Okklumentik
49%
Die Heiligtümer des Todes Der Dunkle Lord erhebt sich
48%
Der Gefangene von Askaban Der Irrwicht im Schrank
48%
Der Feuerkelch Die Unverzeihlichen Flüche
48%
Der Feuerkelch Fleisch, Blut und Knochen
48%
Der Orden des Phönix Im Eberkopf
48%
Der Orden des Phönix Das Auge der Schlange
47%
Der Orden des Phönix Das fürnehme und gar alte Haus der Blacks
47%
Die Heiligtümer des Todes Der Fehler im Plan
47%
Der Gefangene von Askaban Die Flucht der Fetten Dame
47%
Der Orden des Phönix Die Großinquisitorin von Hogwarts
47%
Der Orden des Phönix Grimmauldplatz Nummer Zwölf
47%
Der Feuerkelch Priori Incantatem
47%
Der Halbblutprinz Das weiße Grabmal
46%
Der Orden des Phönix Der Einzige, den er je fürchtete
46%
Der Gefangene von Askaban Der Kuss des Dementors
46%
Der Feuerkelch Der Traum
46%
Die Heiligtümer des Todes Die Dursleys reisen ab
46%
Der Feuerkelch Die unerwartete Aufgabe
46%
Der Orden des Phönix Die Vorhut
46%
Der Feuerkelch Die Wege trennen sich
46%
Der Orden des Phönix Mrs Weasleys Wehklage
46%
Der Gefangene von Askaban Snapes Groll
46%
Der Halbblutprinz Snape triumphiert
46%
Der Orden des Phönix Strafarbeit bei Dolores
46%
Der Orden des Phönix Das neue Lied des Sprechenden Huts
45%
Der Feuerkelch Die Eichung der Zauberstäbe
45%
Der Halbblutprinz Die Flucht des Prinzen
45%
Die Heiligtümer des Todes Ein Versteck
45%
Der Halbblutprinz Hermines helfende Hand
45%
Die Heiligtümer des Todes In memoriam
45%
Der Gefangene von Askaban Lord Voldemorts Knecht
45%
Der Feuerkelch Rita Kimmkorns Riesenknüller
45%
Die Kammer des Schreckens Der besessene Klatscher
44%
Die Kammer des Schreckens Der sehr geheime Taschenkalender
44%
Der Feuerkelch Die Einladung
44%
Der Feuerkelch Die Hauselfen-Befreiungsfront
44%
Die Heiligtümer des Todes Leben und Lügen des Albus Dumbledore
44%
Der Orden des Phönix Percy und Tatze
44%
Der Halbblutprinz Silber und Opale
44%
Der Feuerkelch Veritaserum
44%
Der Gefangene von Askaban Bittere Niederlage
43%
Der Feuerkelch Das Ei und das Auge
43%
Die Heiligtümer des Todes Das Haus Malfoy
43%
Der Halbblutprinz Der Unbrechbare Schwur
43%
Die Heiligtümer des Todes Die geschichte des Prinzen
43%
Der Orden des Phönix Hagrids Geschichte
43%
Die Heiligtümer des Todes Kreachers Geschichte
43%
Der Feuerkelch Mr Crouchs Wahn
43%
Der Halbblutprinz Nach der Beerdigung
43%
Der Gefangene von Askaban Professor Trelawneys Vorhersage
43%
Der Halbblutprinz Sectumsempra
43%
Der Feuerkelch Tatzes Rückkehr
43%
Der Feuerkelch Wirbel im Ministerium
43%
Der Feuerkelch Zurück zum Fuchsbau
43%
Der Orden des Phönix Ausbildungserlass Nummer Vierundzwanzig
42%
Die Heiligtümer des Todes Das Märchen von den drei Brüdern
42%
Die Heiligtümer des Todes Das Testament von Albus Dumbledore
42%
Der Halbblutprinz Die Klage des Phönix
42%
Der Halbblutprinz Dracos Abstecher
42%
Der Halbblutprinz Elfen helfen
42%
Der Orden des Phönix Jenseits des Schleiers
42%
Der Orden des Phönix St.-Mungo-Hospital für Magische Krankheiten und Verletzungen
42%
Die Heiligtümer des Todes Der Zauberstabmacher
41%
Der Orden des Phönix Der zweite Krieg beginnt
41%
Der Halbblutprinz Die belauschte Seherin
41%
Die Heiligtümer des Todes Gefallener Krieger
41%
Der Orden des Phönix Kampf und Flucht
41%
Die Heiligtümer des Todes Magie ist Macht
41%
Die Heiligtümer des Todes Bathildas Geheimnis
40%
Der Orden des Phönix Berufsberatung
40%
Die Heiligtümer des Todes Das letzte Versteck
40%
Der Feuerkelch Der Anfang
40%
Der Orden des Phönix Der Käfer in der Klemme
40%
Der Orden des Phönix Der Löwe und die Schlange
40%
Der Halbblutprinz Der Slug-Klub
40%
Der Orden des Phönix Die verlorene Prophezeiung
40%
Der Halbblutprinz Schleim im Überfluss
40%
Der Orden des Phönix Der Zentaur und die Petze
39%
Der Halbblutprinz Sehr frostige Weihnachten
39%
Der Orden des Phönix Snapes schlimmste Erinnerung
39%
Die Heiligtümer des Todes Der Ghul im Schlafanzug
38%
Der Halbblutprinz Geburtstagsüberraschungen
38%
Der Halbblutprinz Wollen und Nichtwollen
38%
Die Heiligtümer des Todes Das verschollene Diadem
37%
Die Heiligtümer des Todes Der Rauswurf von Severus Snape
37%
Die Heiligtümer des Todes Die Rache des Kobolds
37%
Der Feuerkelch Beauxbatons und Durmstrangs
36%
Der Halbblutprinz Lord Voldemorts Gesuch
36%
Der Halbblutprinz Eine getrübte Erinnerung
35%
Der Orden des Phönix Gesehen - unvorhergesehen
35%
Die Heiligtümer des Todes Das Bestechungsgeschenk
34%
Der Orden des Phönix Aus dem Feuer
33%
Die Heiligtümer des Todes Die Registrierungskommission für Muggelstämmige
33%
Die Heiligtümer des Todes Der fehlende Spiegel
30%
Der Halbblutprinz Der geheime Riddle
30%
Der Halbblutprinz Der unergründliche Raum
30%
Keine übereinstimmenden Quizze gefunden
Verteilung der Resultate
Anzahl Personen mit jedem Resultat
Perzentil nach korrekt beantworteten Fragen
Ihre Resultats-Entwicklung
Sie haben dieses Quiz seit der letzten Aktualisierung nicht gespielt